Kde sa začínajú diaľky

Bibliographic Details
Main Author: Topič, Kristian (Author, Photographer)
Other Authors: Pifko, Henrich, 1932- (Translator), Jukl, Antonín (Illustrator)
Format: Book
Language:Slovak
Czech
PhysicalDescription:125 s. fotogr. 19 x 21 cm
Published: Bratislava Mladé letá 1968
Edition:Vyd. 1.
Subjects:

MARC

LEADER 00000nam a2200000 a 4500
001 vtls008316168
003 SK-MaSNL
005 20260301044330.0
008 190102s1968 xo o c 000 0 slo
015 |a SNBA1968/07-01358 
020 |q (brož.) 
035 |a SK01SNK19680008385 
035 |a SKM000010848 
040 |a SNK  |b slo  |c SNK  |e AACR2 
041 1 |a slo  |h cze 
044 |a xo  |c SK 
072 7 |a 629  |x Dopravné prostriedky  |2 konspekt 
080 |a 629.734/.735  |2 2011 
080 |a (0.062)  |2 2011 
100 1 |a Topič, Kristian  |4 aut  |4 pht  |9 350583 
245 1 0 |a Kde sa začínajú diaľky  |c Kristian Topič ; [z českého rukopisu preložil Henrich Pifko ; ilustrácie Antonín Jukl ; fotografie Kristian Topič] 
250 |a Vyd. 1. 
260 |a Bratislava  |b Mladé letá  |c 1968 
300 |a 125 s.  |b fotogr.  |c 19 x 21 cm 
366 |e 2500 výt. 
650 0 7 |a lietadlá  |2 SNKPH  |9 4248 
650 0 7 |a Airplanes  |2 SNKPH  |9 294290 
655 7 |a populárno-náučné publikácie  |2 SNKPH  |9 70460 
655 7 |a Popular works  |2 SNKPHeng  |9 90287 
700 1 |a Pifko, Henrich,  |d 1932-  |4 trl  |9 223452 
700 1 |a Jukl, Antonín  |4 ill  |9 350584 
958 |a TL 
958 |a DB 
958 |a CZ 
958 |a UP 
958 |a LX 
958 |a RK 
999 |c 595752  |d 597682 
952 |a SNK  |b SNK  |y PREZ  |7 0  |o snkSD 33394  |0 0  |1 0  |4 0  |d 2023-03-27  |l 0  |r 2026-02-23 15:38:08  |w 2026-02-23 
952 |a SNK  |b SNK  |y VYP  |7 0  |o snkSD 33394 D1  |0 0  |1 0  |4 0  |d 2023-03-27  |l 0  |r 2026-02-23 15:38:08  |w 2026-02-23